| 000 | 00502nam a22001697a 4500 | ||
|---|---|---|---|
| 005 | 20230309052003.0 | ||
| 008 | 230309b |||||||| |||| 00| 0 eng d | ||
| 020 | _a978-93-5269-450-1 | ||
| 082 | _a646.47 P987 2020 | ||
| 100 |
_aPushpanjali _eauthor |
||
| 245 |
_aThe complete book of tailoring / _cPushpanjali |
||
| 260 |
_aNew Delhi, IN: _bRandom Publications, _cc2020 |
||
| 300 |
_aix, 272p.: _bill. |
||
| 504 | _aIncludes bibliographical references and index | ||
| 541 | _e7018 | ||
| 650 | _aTailoring | ||
| 999 |
_c1665 _d1665 |
||